[Event "LSS ZL-2009-0-00588"]
[Site "LSS email"]
[Date "2009.10.03"]
[Round "?"]
[White "Koorenwater, Angela"]
[Black "Seibel, Friedhelm"]
[Result "0-1"]
[WhiteElo "1317"]
[BlackElo "1314"]
[PlyCount "32"]
[EventDate "2009.09.18"]
[EventType "match (corr)"]
[EventRounds "2"]
[EventCountry "GER"]
[SourceTitle "Corr 2013"]
[Source "ChessBase"]
[SourceDate "2012.11.12"]
[SourceVersion "1"]
[SourceVersionDate "2012.11.12"]
[SourceQuality "1"]

1. e4 e5 2. Nf3 Nf6 3. Nxe5 d6 4. Nf3 Nxe4 5. d4 d5 6. Bd3 Nc6 7. 0-0 Be7 8. c4 Nf6 9. Nc3 0-0 10. h3 dxc4 11. Bxc4 Na5 12. Bd3 Nc6 13. Be3 Nd5 14. a3 Be6 15. Qc2 g6 16. Rae1 Re8 0-1

[Event "LSS ZL-2009-0-00586"]
[Site "LSS email"]
[Date "2009.09.24"]
[Round "?"]
[White "Koorenwater, Angela"]
[Black "Windheim, Charles"]
[Result "0-1"]
[WhiteElo "1317"]
[BlackElo "1523"]
[PlyCount "46"]
[EventDate "2009.09.13"]
[EventType "match (corr)"]
[EventRounds "2"]
[EventCountry "GER"]
[SourceTitle "Telechess CBM 137"]
[Source "ChessBase"]
[SourceDate "2010.07.15"]
[SourceVersion "1"]
[SourceVersionDate "2010.07.15"]
[SourceQuality "1"]

1. e4 c5 2. Nf3 g6 3. d4 cxd4 4. Nxd4 Nc6 5. c4 Nf6 6. Nc3 d6 7. Be2 Nxd4 8. Qxd4 Bg7 9. 0-0 0-0 10. Qd3 Be6 11. Be3 Nd7 12. Nd5 Bxd5 13. Qxd5 Qc7 14. Qd2 Nc5 15. f3 a5 16. g3 a4 17. Rac1 Qb6 18. Rb1 Rfc8 19. Rfd1 Qa5 20. Qxa5 Rxa5 21. Rd2 Ra6 22. Bg5 Re8 23. Kg2 Rb6 0-1

[Event "LSS OP-2009-0-00897"]
[Site "LSS email"]
[Date "2009.07.12"]
[Round "?"]
[White "Koorenwater, Angela"]
[Black "Windheim, Charles"]
[Result "1-0"]
[WhiteElo "1247"]
[BlackElo "1921"]
[PlyCount "21"]
[EventDate "2009.07.05"]
[EventType "tourn (corr)"]
[EventRounds "4"]
[EventCountry "GER"]
[SourceTitle "Corr 2013"]
[Source "ChessBase"]
[SourceDate "2012.11.12"]
[SourceVersion "1"]
[SourceVersionDate "2012.11.12"]
[SourceQuality "1"]

1. e4 c5 2. Nf3 g6 3. d4 cxd4 4. Nxd4 Nc6 5. Nc3 Bg7 6. Be3 Nf6 7. Bc4 0-0 8. Bb3 a5 9. f3 d5 10. Bxd5 Nxd4 11. Bxd4 1-0

[Event "LSS RN-2007-0-00047"]
[Site "LSS email"]
[Date "2007.05.16"]
[Round "?"]
[White "Koorenwater, Angela"]
[Black "Kanagy, Ronald"]
[Result "0-1"]
[WhiteElo "1247"]
[BlackElo "916"]
[PlyCount "28"]
[EventDate "2007.05.12"]
[EventType "tourn (corr)"]
[EventRounds "6"]
[EventCountry "GER"]
[SourceTitle "Corr 2015"]
[Source "ChessBase"]
[SourceDate "2015.07.17"]
[SourceVersion "1"]
[SourceVersionDate "2015.07.17"]
[SourceQuality "1"]

1. e4 c6 2. d4 d5 3. e5 e6 4. Nf3 g6 5. Nc3 Bg7 6. Be2 Ne7 7. 0-0 0-0 8. Bg5 Qc7 9. Qc1 Na6 10. Bf6 Nf5 11. g4 Nh6 12. Qg5 c5 13. dxc5 Nxc5 14. Bxg7 Kxg7 0-1